[Event "Solingen-ch 2017"]
[Site "Solingen"]
[Date "2017.09.15"]
[Round "1.1"]
[White "Riesen, Peter"]
[Black "Schneider, Bernd"]
[Result "0-1"]
[WhiteElo "1801"]
[BlackElo "2372"]
[PlyCount "70"]
[EventDate "2017.??.??"]
[WhiteTeam "Klub Kölner SF"]
[BlackTeam "Bochumer SV"]

1. e4 g6 2. d4 Bg7 3. c4 Nc6 4. Nf3 e5 5. d5 Nd4 6. Be3 c5 7. Nc3 d6 8. h3 f5
9. Bd3 Nf6 10. Bg5 O-O 11. O-O Rf7 12. Nh2 Qf8 13. Ne2 fxe4 14. Bxf6 Nxe2+ 15.
Bxe2 Rxf6 16. Qc2 Bf5 17. g4 Bd7 18. Qxe4 Rf4 19. Qd3 e4 20. Qb3 Bd4 21. Qg3 g5
22. Kg2 Bxb2 23. Rab1 Be5 24. Qa3 b6 25. f3 Be8 26. Rxb6 Bg6 27. Rb3 Qh6 28.
Qc1 Raf8 29. fxe4 Rxf1 30. Bxf1 Bxe4+ 31. Nf3 Qh4 32. Qd2 Rxf3 33. Rxf3 Qg3+
34. Kh1 Bxf3+ 35. Qg2 Qh2# 0-1

[Event "Solingen-ch 2017"]
[Site "Solingen"]
[Date "2017.09.15"]
[Round "1.2"]
[White "Kniest, Oliver"]
[Black "Müdder, Melanie"]
[Result "1-0"]
[WhiteElo "2300"]
[BlackElo "1798"]
[PlyCount "57"]
[EventDate "2017.??.??"]
[WhiteTeam "SG Solingen"]
[BlackTeam "SG Solingen"]

1. Nf3 f5 2. c4 Nf6 3. d4 g6 4. g3 Bg7 5. Bg2 O-O 6. O-O d6 7. Nc3 c6 8. d5 e5
9. dxe6 Bxe6 10. Qd3 Re8 11. Ng5 Bc8 12. Rd1 h6 13. Nh3 Be6 14. Bf4 Ne4 15. Be3
Na6 16. Nxe4 fxe4 17. Qxd6 Qxd6 18. Rxd6 Bxc4 19. Rxg6 Kh7 20. Rd6 Bxe2 21. Rd7
Red8 22. Bxe4+ Kh8 23. Rxb7 Rdb8 24. Bxc6 Rxb7 25. Bxb7 Rb8 26. Be4 Rxb2 27.
Rc1 Bg4 28. Nf4 Rxa2 29. Ng6+ 1-0

[Event "Solingen-ch 2017"]
[Site "Solingen"]
[Date "2017.09.15"]
[Round "1.3"]
[White "Fränzel, Dr. Marius"]
[Black "Lemanczyk, Thomas"]
[Result "0-1"]
[WhiteElo "1787"]
[BlackElo "2244"]
[PlyCount "60"]
[EventDate "2017.??.??"]
[WhiteTeam "SG Solingen"]
[BlackTeam "SG Solingen"]

1. e4 e5 2. Nf3 Nc6 3. Bb5 Bc5 4. c3 Qf6 5. d3 h6 6. Nbd2 Nge7 7. Nf1 O-O 8.
Be3 d6 9. Bxc5 dxc5 10. Ne3 Be6 11. O-O Rad8 12. Qe2 Ng6 13. Rfd1 Nf4 14. Qf1
Ne7 15. Bc4 Bc8 16. Bb3 c6 17. Rd2 Neg6 18. Bd1 b5 19. b4 cxb4 20. cxb4 Rd6 21.
Rc1 Rfd8 22. Rc3 Qe7 23. Nf5 Bxf5 24. exf5 Nf8 25. g3 Nd5 26. Rc5 Nd7 27. Re2
Qf6 28. Qh3 Nxb4 29. Nxe5 Nxc5 30. Ng4 Qa1 0-1

[Event "Solingen-ch 2017"]
[Site "Solingen"]
[Date "2017.09.15"]
[Round "1.4"]
[White "Boos, Markus"]
[Black "Meckel, Helmut"]
[Result "1-0"]
[WhiteElo "2185"]
[BlackElo "1773"]
[PlyCount "53"]
[EventDate "2017.??.??"]
[WhiteTeam "SF Vonkeln"]
[BlackTeam "SG Solingen"]

1. d4 Nf6 2. c4 e5 3. dxe5 Ne4 4. a3 Qh4 5. g3 Qh5 6. Bg2 Qxe5 7. Nf3 Qa5+ 8.
Nbd2 Nxd2 9. Bxd2 Qh5 10. Bc3 Nc6 11. O-O d6 12. Qd5 Bg4 13. Qe4+ Kd7 14. b4
Re8 15. Qc2 Kc8 16. b5 Nd8 17. Rfe1 f6 18. Nd4 Be6 19. Qa4 Kb8 20. Rab1 Bd7 21.
Bxb7 Kxb7 22. Qa6+ Ka8 23. Nc6 Nxc6 24. bxc6 Bc8 25. Rb7 Qc5 26. Reb1 Be6 27.
Rb8+ 1-0

[Event "Solingen-ch 2017"]
[Site "Solingen"]
[Date "2017.09.15"]
[Round "1.5"]
[White "Falge, Rainer"]
[Black "Zolfagharian, Kevin"]
[Result "0-1"]
[WhiteElo "1763"]
[BlackElo "2156"]
[PlyCount "68"]
[EventDate "2017.??.??"]
[WhiteTeam "SG Solingen"]
[BlackTeam "SG Solingen"]

1. e4 c5 2. c3 e5 3. d4 cxd4 4. cxd4 exd4 5. Nf3 Nc6 6. Nxd4 Nf6 7. Nxc6 dxc6
8. Qxd8+ Kxd8 9. Bg5 Bb4+ 10. Nc3 Re8 11. Bd3 h6 12. Bxf6+ gxf6 13. O-O-O Bxc3
14. bxc3 Be6 15. Kb2 Kc7 16. f3 Rad8 17. Bc2 c5 18. Rxd8 Rxd8 19. Rd1 Rg8 20.
Rd2 b5 21. Bb3 c4 22. Bc2 a5 23. a3 Kc6 24. g3 h5 25. Bd1 f5 26. Bc2 fxe4 27.
Bxe4+ Kc7 28. Kc1 Re8 29. Bd5 Bf5 30. Bxf7 Re1+ 31. Kb2 Rb1+ 32. Ka2 b4 33.
axb4 axb4 34. Bxc4 bxc3 0-1

[Event "Solingen-ch 2017"]
[Site "Solingen"]
[Date "2017.09.15"]
[Round "1.6"]
[White "Schockenbäumer, Dirk"]
[Black "Ipekyilmaz, Tayfun"]
[Result "1-0"]
[WhiteElo "2155"]
[BlackElo "1739"]
[PlyCount "39"]
[EventDate "2017.??.??"]
[WhiteTeam "SG Solingen"]
[BlackTeam "Langenfelder SF"]

1. e4 e5 2. Nf3 Nc6 3. Bb5 f5 4. d3 fxe4 5. dxe4 d6 6. Nc3 Bg4 7. h3 Bh5 8. g4
Bg6 9. h4 h6 10. h5 Bf7 11. Nh4 a6 12. Ba4 Be7 13. Nf5 Bf6 14. Nd5 g6 15. hxg6
Bxg6 16. Qf3 Bg5 17. Bxg5 Qxg5 18. Bxc6+ bxc6 19. Nxc7+ Kd8 20. Ne6+ 1-0

[Event "Solingen-ch 2017"]
[Site "Solingen"]
[Date "2017.09.15"]
[Round "1.7"]
[White "Skiber, Friedel"]
[Black "Görke, Joachim"]
[Result "0-1"]
[WhiteElo "1730"]
[BlackElo "2115"]
[PlyCount "62"]
[EventDate "2017.??.??"]
[WhiteTeam "SG Solingen"]
[BlackTeam "SG Solingen"]

1. e4 c6 2. Nc3 d5 3. d4 dxe4 4. Nxe4 Bf5 5. Ng3 Bg6 6. Nf3 Nf6 7. a4 e6 8. Bd3
Bxd3 9. Qxd3 Qa5+ 10. c3 Qa6 11. Qc2 Nbd7 12. Ne2 Bd6 13. O-O O-O 14. Nh4 c5
15. f4 Rac8 16. Be3 Ng4 17. Qd2 Ndf6 18. Ng3 Nxe3 19. Qxe3 cxd4 20. cxd4 Rc2
21. Rf2 Nd5 22. Qe4 Rxf2 23. Kxf2 Nxf4 24. Nf3 f5 25. Qe3 Rc8 26. Qb3 Qd3 27.
Qxb7 Qc2+ 28. Ke1 Nxg2+ 29. Kf1 Ne3+ 30. Ke1 Rb8 31. Qd7 Bb4+ 0-1

[Event "Solingen-ch 2017"]
[Site "Solingen"]
[Date "2017.09.15"]
[Round "1.8"]
[White "Flesch, Dr. Stefan"]
[Black "Rist, Kurt"]
[Result "1-0"]
[WhiteElo "2097"]
[BlackElo "1706"]
[PlyCount "29"]
[EventDate "2017.??.??"]
[WhiteTeam "SG Solingen"]
[BlackTeam "SG Solingen"]

1. d4 d6 2. c4 g6 3. Nc3 Bg7 4. e4 Nd7 5. Be3 Ngf6 6. h3 h5 7. Bd3 a6 8. Nf3 c5
9. e5 dxe5 10. dxe5 Ng8 11. e6 fxe6 12. Bxg6+ Kf8 13. Ng5 Qb6 14. Qb3 Qxb3 15.
Nxe6# 1-0

[Event "Solingen-ch 2017"]
[Site "Solingen"]
[Date "2017.09.15"]
[Round "1.9"]
[White "Schubert, Stefan"]
[Black "Kesseler, Heiko"]
[Result "0-1"]
[WhiteElo "1641"]
[BlackElo "2096"]
[PlyCount "48"]
[EventDate "2017.??.??"]
[WhiteTeam "SG Solingen"]
[BlackTeam "Düsseldorfer SK"]

1. d4 Nf6 2. Bf4 e6 3. e3 b6 4. Nf3 Bb7 5. Be2 d5 6. O-O Bd6 7. Ne5 O-O 8. Nd2
c5 9. c3 Be7 10. Bd3 Nbd7 11. Qf3 Rc8 12. Qg3 Ne4 13. Nxe4 dxe4 14. Be2 Kh8 15.
Rad1 Nxe5 16. dxc5 Nd3 17. Bxd3 exd3 18. Bd6 Bxd6 19. cxd6 Rc6 20. Rxd3 Ba6 21.
Rfd1 Bxd3 22. Rxd3 Qd7 23. e4 f6 24. f4 Rxd6 0-1

[Event "Solingen-ch 2017"]
[Site "Solingen"]
[Date "2017.09.15"]
[Round "1.10"]
[White "Müdder, Rafael"]
[Black "Ipekyilmaz, Mert"]
[Result "1-0"]
[WhiteElo "2061"]
[BlackElo "1635"]
[PlyCount "117"]
[EventDate "2017.??.??"]
[WhiteTeam "SG Solingen"]
[BlackTeam "Langenfelder SF"]

1. e4 e6 2. d4 d5 3. Nd2 dxe4 4. Nxe4 Nf6 5. Bd3 Bd7 6. Nf3 Be7 7. Ne5 Nc6 8.
Nxd7 Qxd7 9. Be3 Nd5 10. O-O f5 11. Ng5 Nxe3 12. fxe3 Bxg5 13. Qh5+ g6 14. Qxg5
Qe7 15. Qg3 O-O-O 16. Bb5 Qd6 17. Qf3 Ne7 18. a3 a6 19. Be2 Qd5 20. Qf2 Qd6 21.
c4 c5 22. Rad1 Nc6 23. dxc5 Qxc5 24. b4 Qb6 25. b5 Rxd1 26. Rxd1 Na5 27. c5
Qxc5 28. bxa6 Rd8 29. axb7+ Nxb7 30. Rb1 Qc2 31. Qf1 Qe4 32. Ba6 Qxe3+ 33. Kh1
Rd7 34. Qb5 Qe4 35. h3 h6 36. a4 Qd5 37. Qb4 Kb8 38. Be2 Qd2 39. Qb5 Qd5 40.
Qb6 Qd6 41. Qb3 Ka7 42. Bf3 Nc5 43. Qb5 Qc7 44. Re1 Rd6 45. Qe8 Nb7 46. Qxg6
Qc3 47. Qg3 f4 48. Qf2+ Qc5 49. Qh4 Qg5 50. Qxg5 hxg5 51. Re5 Ra6 52. Rxg5 Rxa4
53. Rg7 Rb4 54. Re7 Rb6 55. Kh2 Ka6 56. Bxb7+ Rxb7 57. Rxe6+ Rb6 58. Rxb6+ Kxb6
59. h4 1-0

[Event "Solingen-ch 2017"]
[Site "Solingen"]
[Date "2017.09.15"]
[Round "1.11"]
[White "von Häfen, Dieter"]
[Black "Speck, Stefan"]
[Result "1-0"]
[WhiteElo "1630"]
[BlackElo "2006"]
[PlyCount "73"]
[EventDate "2017.??.??"]
[WhiteTeam "SV Hennef"]
[BlackTeam "SC Solingen 28"]

1. Nf3 d5 2. c4 c6 3. e3 Nf6 4. d4 e6 5. Nbd2 Ne4 6. b3 Bd6 7. Bd3 f5 8. O-O
O-O 9. Bb2 a5 10. Ne1 a4 11. bxa4 Qa5 12. Nxe4 fxe4 13. c5 Be7 14. Bc2 Nd7 15.
f3 Qa6 16. g4 b6 17. cxb6 Nxb6 18. Ng2 Nc4 19. Bc3 Bg5 20. fxe4 Rxf1+ 21. Qxf1
Nxe3 22. Qxa6 Bxa6 23. Nxe3 Bxe3+ 24. Kg2 Rf8 25. Bb3 Be2 26. Re1 Bf3+ 27. Kg3
Bg5 28. exd5 exd5 29. Bb4 Rb8 30. Bd6 Rd8 31. Re6 Be4 32. Bc5 Bh1 33. Rxc6 Re8
34. Rd6 Re3+ 35. Kf2 Rf3+ 36. Kg1 Rf4 37. Kxh1 1-0

[Event "Solingen-ch 2017"]
[Site "Solingen"]
[Date "2017.09.15"]
[Round "1.12"]
[White "Schmuck, Markus"]
[Black "Zimdars, Wolfgang"]
[Result "1-0"]
[WhiteElo "1961"]
[BlackElo "1626"]
[PlyCount "149"]
[EventDate "2017.??.??"]
[WhiteTeam "SG Solingen"]
[BlackTeam "SG Solingen"]

1. d4 d5 2. Bf4 Nf6 3. e3 e6 4. Nf3 Nbd7 5. Bd3 Be7 6. Nbd2 b6 7. Qe2 Bb7 8. c3
O-O 9. Ne5 Ne4 10. f3 Nxd2 11. Kxd2 c5 12. h4 Nxe5 13. dxe5 f6 14. Rad1 fxe5
15. Bxe5 Bf6 16. Bf4 e5 17. Bg3 Qe7 18. Kc1 d4 19. exd4 cxd4 20. cxd4 exd4 21.
Qxe7 Bxe7 22. Rhe1 Bf6 23. Be4 Bxe4 24. Rxe4 Rae8 25. Kc2 Rxe4 26. fxe4 Re8 27.
Kd3 Kf7 28. Rc1 Re7 29. Rc6 g6 30. Bd6 Rd7 31. g3 Be7 32. Bxe7 Kxe7 33. a4 Kf7
34. g4 Ke7 35. b4 Kf7 36. a5 bxa5 37. bxa5 Ke7 38. a6 Kf7 39. Rc4 Ke6 40. Rxd4
Rc7 41. Ke3 Rc6 42. Ra4 Rc5 43. Kf4 h6 44. g5 hxg5+ 45. hxg5 Rc6 46. Ra5 Kd6
47. Ra3 Ke6 48. Ke3 Rd6 49. Ra2 Ke5 50. Ra1 Rc6 51. Ra5+ Ke6 52. Kd4 Rb6 53.
Ra3 Rb4+ 54. Ke3 Rb6 55. Kf4 Rb4 56. Rc3 Rb6 57. Rc7 Rxa6 58. Rg7 Ra5 59. Rxg6+
Kf7 60. Rd6 Rc5 61. Rd7+ Kg6 62. Rd6+ Kf7 63. Ra6 Rc7 64. Kf5 Rc5+ 65. e5 Rc7
66. Rd6 a5 67. Ra6 Rc5 68. Ra7+ Kf8 69. Kf6 Rc8 70. Rxa5 Re8 71. e6 Kg8 72. e7
Kh7 73. Ra4 Rf8+ 74. exf8=N+ Kg8 75. Ne6 1-0

[Event "Solingen-ch 2017"]
[Site "Solingen"]
[Date "2017.09.15"]
[Round "1.13"]
[White "Foitzik, Peter"]
[Black "Große-Hering, Peter"]
[Result "0-1"]
[WhiteElo "1624"]
[BlackElo "1957"]
[PlyCount "57"]
[EventDate "2017.??.??"]
[WhiteTeam "Godesberger SK"]
[BlackTeam "SV Horst-Emscher"]

1. e4 d6 2. d4 Nf6 3. Bd3 g6 4. f4 Bg7 5. Nf3 c5 6. c3 O-O 7. O-O Qb6 8. Qb3
Qc7 9. e5 Ng4 10. h3 Nh6 11. Be3 Nc6 12. exd6 exd6 13. dxc5 dxc5 14. Qc2 b6 15.
Nbd2 Nf5 16. Bf2 Qxf4 17. Nc4 Be6 18. Ncd2 Rad8 19. Be4 Ne5 20. Nxe5 Rxd2 21.
Bxc5 Qg5 22. Nxf7 Rxf7 23. Qa4 Bd7 24. Qxa7 bxc5 25. Qa8+ Rf8 26. Rxf5 Bxf5 27.
Bd5+ Kh8 28. Qb7 Bc8 29. Qc7 0-1

[Event "Solingen-ch 2017"]
[Site "Solingen"]
[Date "2017.09.15"]
[Round "1.14"]
[White "Erkay, Ali-Necip"]
[Black "Bashylina, Luisa"]
[Result "1/2-1/2"]
[WhiteElo "1955"]
[BlackElo "1619"]
[PlyCount "56"]
[EventDate "2017.??.??"]
[WhiteTeam "SG Solingen"]
[BlackTeam "SG Solingen"]

1. d4 Nf6 2. c4 g6 3. Nc3 Bg7 4. e4 d6 5. Be2 O-O 6. Bg5 h6 7. Be3 e5 8. d5
Nbd7 9. Qd2 Nc5 10. f3 Nh5 11. O-O-O Nf4 12. g3 Nxe2+ 13. Ngxe2 Kh7 14. h4 a5
15. g4 Bd7 16. Ng3 a4 17. Qh2 a3 18. b3 Qe8 19. Qe2 Rb8 20. b4 Na6 21. b5 Nc5
22. Nb1 Na4 23. Rd3 Nb6 24. Rxa3 Ra8 25. Rxa8 Qxa8 26. Qc2 Qa5 27. Bd2 Qa7 28.
Be3 Qa5 1/2-1/2

[Event "Solingen-ch 2017"]
[Site "Solingen"]
[Date "2017.09.15"]
[Round "1.15"]
[White "Littek, Oliver"]
[Black "Vranidis, Athanassios"]
[Result "0-1"]
[WhiteElo "1595"]
[BlackElo "1943"]
[PlyCount "88"]
[EventDate "2017.??.??"]
[WhiteTeam "SG Solingen"]
[BlackTeam "SG Solingen"]

1. e4 c5 2. Nf3 d6 3. Nc3 Nf6 4. d3 Nc6 5. Be2 g6 6. O-O Bg7 7. Bf4 O-O 8. Qd2
Bg4 9. h3 Bxf3 10. Bxf3 Nd4 11. Qd1 b5 12. Be3 Nxf3+ 13. Qxf3 b4 14. Nd1 Nd7
15. c3 a5 16. Bd2 Qb6 17. Ne3 Ne5 18. Qe2 e6 19. Ng4 Rab8 20. Rab1 Qa6 21. Nxe5
Bxe5 22. f4 Bg7 23. f5 exf5 24. exf5 bxc3 25. Bxc3 Bxc3 26. bxc3 Rxb1 27. Rxb1
gxf5 28. Rf1 Qc8 29. Qh5 Re8 30. Rxf5 Qe6 31. Qg4+ Kf8 32. Qh5 Qg6 33. Qxg6
hxg6 34. Rd5 Ke7 35. Kf2 Ke6 36. Rg5 Rb8 37. a4 Rb3 38. d4 Rxc3 39. dxc5 d5 40.
Ke2 Rxc5 41. g4 Rc4 42. h4 Rxa4 43. h5 gxh5 44. gxh5 Rh4 0-1

[Event "Solingen-ch 2017"]
[Site "Solingen"]
[Date "2017.09.15"]
[Round "1.16"]
[White "Beyer, Fabian"]
[Black "Ehringfeld, Michael"]
[Result "1/2-1/2"]
[WhiteElo "1941"]
[BlackElo "1569"]
[PlyCount "54"]
[EventDate "2017.??.??"]
[WhiteTeam "SG Solingen"]
[BlackTeam "SG Solingen"]

1. d4 d5 2. Nf3 Nf6 3. c4 c6 4. Nc3 dxc4 5. a4 e6 6. Bg5 Bb4 7. Bxf6 Qxf6 8.
Qc2 b5 9. e3 Nd7 10. Be2 Bxc3+ 11. Qxc3 O-O 12. b3 Nb6 13. bxc4 bxa4 14. Qa3
Ba6 15. Ne5 c5 16. Qxc5 Rfc8 17. Qb4 Rab8 18. Qa5 Bxc4 19. Nxc4 Nxc4 20. Qa6
Nb6 21. O-O e5 22. dxe5 Qxe5 23. Bb5 Rc5 24. Rfb1 h6 25. Qxa7 Nc8 26. Qxb8 Qxb8
27. Bxa4 Qc7 1/2-1/2

[Event "Solingen-ch 2017"]
[Site "Solingen"]
[Date "2017.09.15"]
[Round "1.17"]
[White "Falk, Thomas"]
[Black "Boschek, Dr. Hans-Joachim"]
[Result "0-1"]
[WhiteElo "1536"]
[BlackElo "1915"]
[PlyCount "134"]
[EventDate "2017.??.??"]
[WhiteTeam "Elberfelder SG"]
[BlackTeam "SG Solingen"]

1. d4 Nf6 2. Bf4 g6 3. e3 Bg7 4. Nf3 d6 5. Be2 O-O 6. h3 b6 7. O-O Bb7 8. Nbd2
Nbd7 9. Bh2 Re8 10. a4 a5 11. Bb5 Ba6 12. c3 Qc8 13. Qe2 c6 14. Bxa6 Qxa6 15.
Qxa6 Rxa6 16. Rfb1 Rea8 17. Kf1 b5 18. axb5 cxb5 19. b4 axb4 20. Rxa6 Rxa6 21.
cxb4 Ra4 22. Ne1 Nd5 23. Nd3 Bf6 24. Ne4 Bg7 25. g4 N7b6 26. Rb3 Nc4 27. Ke1
Ra1+ 28. Ke2 Rh1 29. Bg3 Rxh3 30. Nf4 Nxf4+ 31. Bxf4 Rh1 32. Nc3 e5 33. dxe5
dxe5 34. Bg3 Nd6 35. Nd5 Ra1 36. Rc3 Ra2+ 37. Kf1 Nc4 38. Nc7 e4 39. Nxb5 Bxc3
40. Nxc3 Rb2 41. Nxe4 Rxb4 42. Nf6+ Kg7 43. Ne8+ Kf8 44. Nf6 h6 45. g5 hxg5 46.
Nh7+ Ke7 47. Nxg5 Ra4 48. Ke2 Ra5 49. Nf3 f6 50. Nd4 Ra2+ 51. Kd3 Ne5+ 52. Ke4
Nc4 53. Kd5 Nd2 54. Nc6+ Kf7 55. Nd8+ Ke8 56. Ne6 Nf1 57. Ke4 Nxg3+ 58. fxg3
Rf2 59. g4 Kf7 60. Nf4 Rf1 61. Nd5 Kg7 62. Ne7 Kh6 63. Nd5 Kg5 64. Nf4 Rxf4+
65. exf4+ Kxg4 66. f5 gxf5+ 67. Ke3 Kg3 0-1

[Event "Solingen-ch 2017"]
[Site "Solingen"]
[Date "2017.09.15"]
[Round "1.18"]
[White "Borchert, Stephan"]
[Black "Barche, Uwe"]
[Result "1-0"]
[WhiteElo "1914"]
[BlackElo "1409"]
[PlyCount "35"]
[EventDate "2017.??.??"]
[WhiteTeam "SG Solingen"]
[BlackTeam "SG Solingen"]

1. e4 e6 2. d4 d5 3. Nc3 Nf6 4. Bg5 dxe4 5. Nxe4 Nbd7 6. Nf3 h6 7. Bxf6 Nxf6 8.
Bd3 a6 9. Qe2 Be7 10. O-O-O Nxe4 11. Bxe4 c6 12. Ne5 O-O 13. Bd3 Bf6 14. Qe4 g6
15. Nxg6 Bg5+ 16. f4 f5 17. Qf3 Rf6 18. Ne5 1-0

[Event "Solingen-ch 2017"]
[Site "Solingen"]
[Date "2017.09.15"]
[Round "1.19"]
[White "Schubert, Florian"]
[Black "Lux, Andreas"]
[Result "0-1"]
[WhiteElo "1297"]
[BlackElo "1893"]
[PlyCount "42"]
[EventDate "2017.??.??"]
[WhiteTeam "SG Solingen"]
[BlackTeam "vereinslos"]

1. e4 c5 2. Bc4 Nc6 3. Nf3 d6 4. d4 cxd4 5. Nxd4 Nf6 6. Nxc6 bxc6 7. e5 Qa5+ 8.
Nc3 Qxe5+ 9. Be3 Ng4 10. f4 Qxe3+ 11. Ne2 Qf2+ 12. Kd2 Ne3 13. Rf1 Nxc4+ 14.
Kc1 Qe3+ 15. Kb1 Nd2+ 16. Qxd2 Qxd2 17. Rd1 Qxd1+ 18. Nc1 Bf5 19. a3 Qxc2+ 20.
Ka2 Be6+ 21. Nb3 Bxb3# 0-1

[Event "Solingen-ch 2017"]
[Site "Solingen"]
[Date "2017.09.15"]
[Round "1.20"]
[White "Oler, Gürkan"]
[Black "Fodor, Bernhard"]
[Result "1-0"]
[WhiteElo "1879"]
[BlackElo "1291"]
[PlyCount "81"]
[EventDate "2017.??.??"]
[WhiteTeam "SC Erkrath"]
[BlackTeam "SG Solingen"]

1. d4 f5 2. Bg5 d6 3. e3 Nd7 4. Bd3 Ndf6 5. Nf3 Ne4 6. Bf4 Ngf6 7. Nbd2 h6 8.
h3 g6 9. Qe2 Bd7 10. c4 c6 11. Bh2 Bg7 12. a3 g5 13. Rb1 Qa5 14. O-O g4 15.
hxg4 Nxg4 16. b4 Qc7 17. d5 Nxh2 18. Kxh2 Nc3 19. Qe1 Nxb1 20. Qxb1 e6 21. dxe6
d5+ 22. g3 Bxe6 23. cxd5 Bxd5 24. Bxf5 O-O 25. e4 Rxf5 26. exf5 Bxf3 27. Nxf3
Qf7 28. Nh4 Re8 29. Qd3 Bf6 30. Ng6 Qd5 31. Rd1 Qxd3 32. Rxd3 Re2 33. Kg2 Bg5
34. Kf3 Rb2 35. Rd7 Rb3+ 36. Kg4 Rxa3 37. Rxb7 Ra4 38. f4 Bf6 39. Kh5 Ra3 40.
Kxh6 Rxg3 41. Rb8+ 1-0

[Event "Solingen-ch 2017"]
[Site "Solingen"]
[Date "2017.09.15"]
[Round "1.21"]
[White "Nareike, Wolfgang"]
[Black "Nguyen, Gia Huy Philipp"]
[Result "0-1"]
[WhiteElo "1801"]
[BlackElo "1875"]
[PlyCount "100"]
[EventDate "2017.??.??"]
[WhiteTeam "Vohwinkeler SC"]
[BlackTeam "SG Solingen"]

1. d4 d5 2. Bf4 Nf6 3. e3 c5 4. c3 e6 5. Bd3 Qb6 6. Qc2 Nc6 7. a3 Bd7 8. h3 Rc8
9. Nf3 cxd4 10. exd4 Be7 11. Nbd2 Na5 12. a4 Nc6 13. Qb1 a6 14. Ne5 Nxe5 15.
dxe5 Nh5 16. a5 Qa7 17. Be3 Bc5 18. Bxc5 Qxc5 19. Nb3 Qc7 20. O-O Qxe5 21. Re1
Qg5 22. Re3 Bb5 23. Bxb5+ axb5 24. Qd3 O-O 25. Qxb5 Rc4 26. Kh2 Qf4+ 27. Kg1
Qg5 28. Kh2 Qg6 29. Nd4 Qf6 30. Rf1 e5 31. Rf3 Qd8 32. Ne2 Nf6 33. Rf5 Qc7 34.
b4 Rd8 35. Qa4 Ne4 36. a6 bxa6 37. Qxa6 Nxc3 38. Nxc3 Rxc3 39. Rb1 g6 40. Rf6
e4+ 41. Kg1 d4 42. b5 d3 43. Rc6 Rxc6 44. Qxc6 Qxc6 45. bxc6 Rc8 46. Rc1 Kf8
47. f3 e3 48. Kf1 d2 49. Rd1 Rxc6 50. Ke2 Rc1 0-1

[Event "Solingen-ch 2017"]
[Site "Solingen"]
[Date "2017.09.29"]
[Round "2.1"]
[White "Schneider, Bernd"]
[Black "Große-Hering, Peter"]
[Result "1-0"]
[WhiteElo "2372"]
[BlackElo "1957"]
[PlyCount "53"]
[EventDate "2017.??.??"]
[WhiteTeam "Bochumer SV"]
[BlackTeam "SV Horst-Emscher"]

1. d4 Nf6 2. g3 g6 3. Bg2 Bg7 4. e4 d6 5. Nc3 O-O 6. Nge2 Nbd7 7. h3 e5 8. Be3
c6 9. a4 Ne8 10. f4 Qe7 11. O-O Ndf6 12. Qd2 Be6 13. b3 Nc7 14. d5 exf4 15.
Nxf4 cxd5 16. exd5 Bf5 17. Rae1 Qd8 18. Bd4 h5 19. Nd1 Qd7 20. Ne3 Be4 21. Bxf6
Bxg2 22. Bxg7 Bxf1 23. Bxf8 Bxh3 24. Nxh3 Kxf8 25. Qd4 Qxh3 26. Qh8+ Ke7 27.
Nf5+ 1-0

[Event "Solingen-ch 2017"]
[Site "Solingen"]
[Date "2017.09.29"]
[Round "2.2"]
[White "Vranidis, Athanassios"]
[Black "Kniest, Oliver"]
[Result "0-1"]
[WhiteElo "1943"]
[BlackElo "2300"]
[PlyCount "54"]
[EventDate "2017.??.??"]
[WhiteTeam "SG Solingen"]
[BlackTeam "SG Solingen"]

1. d4 f5 2. e4 fxe4 3. Nc3 Nf6 4. Bg5 g6 5. Bxf6 exf6 6. Nxe4 d5 7. Ng3 Bd6 8.
Bd3 Nc6 9. c3 Qe7+ 10. N1e2 f5 11. Qd2 f4 12. Nf1 O-O 13. O-O-O Be6 14. Qc2
Rae8 15. Nd2 Na5 16. Rde1 b6 17. Nf3 c5 18. Qb1 Qf6 19. h4 Bg4 20. h5 Bxh5 21.
Bb5 Re7 22. Qd3 Bg4 23. dxc5 Bxc5 24. Qxd5+ Be6 25. Qg5 Bxf2 26. Rd1 Qxg5 27.
Nxg5 Bxa2 0-1

[Event "Solingen-ch 2017"]
[Site "Solingen"]
[Date "2017.09.26"]
[Round "2.3"]
[White "Lemanczyk, Thomas"]
[Black "Alexopoulos, Dr. Spiros"]
[Result "1-0"]
[WhiteElo "2244"]
[BlackElo "1883"]
[PlyCount "51"]
[EventDate "2017.??.??"]
[WhiteTeam "SG Solingen"]
[BlackTeam "Aachener SV"]

1. c4 d5 2. cxd5 Qxd5 3. Nc3 Qd8 4. d4 Nf6 5. Nf3 g6 6. e4 Bg7 7. Be2 O-O 8.
O-O Bg4 9. Be3 c6 10. h3 Bxf3 11. Bxf3 e6 12. Qe2 Nbd7 13. Bg5 Qa5 14. Bd2 Qd8
15. e5 Nd5 16. Ne4 f6 17. exf6 N7xf6 18. Nc5 Re8 19. Nxb7 Qb6 20. Nd6 Re7 21.
Bc3 Qc7 22. Ne4 Nf4 23. Nxf6+ Bxf6 24. Qc4 Nd5 25. Rfe1 Rf8 26. Rxe6 1-0

[Event "Solingen-ch 2017"]
[Site "Solingen"]
[Date "2017.09.22"]
[Round "2.4"]
[White "Borchert, Stephan"]
[Black "Boos, Markus"]
[Result "1/2-1/2"]
[WhiteElo "1914"]
[BlackElo "2185"]
[PlyCount "107"]
[EventDate "2017.??.??"]
[WhiteTeam "SG Solingen"]
[BlackTeam "SF Vonkeln"]

1. e4 c5 2. Nf3 Nc6 3. d4 cxd4 4. Nxd4 Nf6 5. Nc3 e5 6. Ndb5 d6 7. Bg5 a6 8.
Na3 b5 9. Bxf6 gxf6 10. Nd5 Bg7 11. c3 f5 12. exf5 Bxf5 13. Nc2 O-O 14. Nce3
Be6 15. Bd3 f5 16. O-O Ne7 17. Nxe7+ Qxe7 18. Bxf5 Rab8 19. Bxe6+ Qxe6 20. Qd5
Qxd5 21. Nxd5 a5 22. a3 Kf7 23. Rad1 Ke6 24. Rfe1 Kd7 25. Re4 Rf7 26. f3 Bf8
27. Kf1 Be7 28. Ke2 Bd8 29. Rg4 Rc8 30. b3 Rc5 31. c4 Ke6 32. Rg8 Kd7 33. Kd3
a4 34. Nc3 axb3 35. cxb5 d5 36. Rb1 Ba5 37. Rxb3 Bxc3 38. Rxc3 Rxb5 39. Kc2 Ke6
40. Rb3 Rc5+ 41. Kd3 Ra5 42. Kc2 Kf5 43. Rg4 Rc7+ 44. Kb2 Rac5 45. a4 d4 46.
Rg8 Rd7 47. g4+ Ke6 48. Rd3 Rb7+ 49. Ka3 Kd5 50. Rb3 Ra7 51. Rd8+ Kc4 52. Rdb8
Kd5 53. Rd8+ Kc4 54. Rdb8 1/2-1/2

[Event "Solingen-ch 2017"]
[Site "Solingen"]
[Date "2017.09.29"]
[Round "2.6"]
[White "Boschek, Dr. Hans-Joachim"]
[Black "Schockenbäumer, Dirk"]
[Result "1-0"]
[WhiteElo "1915"]
[BlackElo "2155"]
[PlyCount "37"]
[EventDate "2017.??.??"]
[WhiteTeam "SG Solingen"]
[BlackTeam "SG Solingen"]

1. d4 Nf6 2. c4 e6 3. Nc3 Bb4 4. e3 O-O 5. Bd3 d5 6. Nf3 b6 7. O-O Ba6 8. cxd5
Bxd3 9. Qxd3 exd5 10. Ne5 c6 11. f3 Re8 12. Bd2 Bd6 13. f4 Re7 14. Be1 Rc7 15.
Bh4 Nbd7 16. e4 dxe4 17. Nxe4 Bf8 18. Ng5 Nb8 19. Nxh7 1-0

[Event "Solingen-ch 2017"]
[Site "Solingen"]
[Date "2017.09.29"]
[Round "2.8"]
[White "Lux, Andreas"]
[Black "Flesch, Dr. Stefan"]
[Result "1-0"]
[WhiteElo "1893"]
[BlackElo "2097"]
[PlyCount "65"]
[EventDate "2017.??.??"]
[WhiteTeam "vereinslos"]
[BlackTeam "SG Solingen"]

1. d4 g6 2. c4 Bg7 3. Nc3 d6 4. e4 c6 5. Be3 a6 6. Qd2 b5 7. Bd3 Bb7 8. Nge2
Nd7 9. h4 h5 10. f3 Ngf6 11. Kf2 e5 12. d5 cxd5 13. Nxd5 Nxd5 14. cxd5 Bf6 15.
g3 Ke7 16. Rhc1 Rc8 17. Qb4 Nb6 18. b3 Rxc1 19. Rxc1 Nxd5 20. exd5 Bxd5 21. Nc3
Bc6 22. Be4 a5 23. Nd5+ Bxd5 24. Qxb5 Bxe4 25. fxe4 Qb8 26. Qa6 Rd8 27. Bb6 Re8
28. Bxa5 Kf8 29. Bc7 Qa8 30. Bxd6+ Kg7 31. Qxa8 Rxa8 32. a4 Rd8 33. Rc6 1-0

[Event "Solingen-ch 2017"]
[Site "Solingen"]
[Date "2017.09.29"]
[Round "2.9"]
[White "Kesseler, Heiko"]
[Black "von Häfen, Dieter"]
[Result "1-0"]
[WhiteElo "2096"]
[BlackElo "1630"]
[PlyCount "89"]
[EventDate "2017.??.??"]
[WhiteTeam "Düsseldorfer SK"]
[BlackTeam "SV Hennef"]

1. e4 e6 2. d4 d5 3. Nc3 Bb4 4. e5 c5 5. a3 Bxc3+ 6. bxc3 Ne7 7. Qg4 Ng6 8. h4
h5 9. Qg3 Qc7 10. Bd3 cxd4 11. Bxg6 fxg6 12. Qxg6+ Kf8 13. Rh3 Nc6 14. Rf3+ Kg8
15. Qe8+ Kh7 16. Qxh5+ Kg8 17. Rf8+ Kxf8 18. Qxh8+ Kf7 19. Nf3 Nxe5 20. Ng5+
Kf6 21. Qf8+ Nf7 22. cxd4 b6 23. Qb4 Qxc2 24. Nf3 Ba6 25. Bg5+ Kg6 26. Qb1
Qxb1+ 27. Rxb1 Rc8 28. Kd2 Nd6 29. Ne5+ Kf5 30. g4+ Ke4 31. Be3 Nc4+ 32. Nxc4
dxc4 33. Kc3 Rd8 34. h5 e5 35. Rd1 b5 36. d5 Bc8 37. g5 Rxd5 38. f3+ Kxe3 39.
Rxd5 Kxf3 40. Rxe5 Kf4 41. Rxb5 a6 42. Rc5 Be6 43. h6 gxh6 44. gxh6 Bg8 45. Rc7
1-0